000 00617nam a2200205 a 4500
001 000035812
005 20200930074631.0
008 111114s1979 es 000 0 spa d
020 _a8485456076
040 _aDO-SdBNP
_bspa
_cBNPHU
245 0 4 _aLos libros de hermes trismegisto /
_ctraducido Louis Menard.
250 _a2a ed.
260 _aBarcelona :
_bVisión Libro,
_c1979.
300 _a281 p. ;
_c22 cm.
490 1 _aVisión libro
590 _aPerteneció a la biblioteca personal de Juan Isidro Jimenes Grullón.
700 1 2 _aMenard, Louis
_961766
830 0 _aVisión libro
_961767
049 _aBNPD
999 _c35303
_d35303